Použitie Excelu na aktuárske výpočty

Výpočet aktuárskych hodnôt - konkrétne súčasnej hodnoty doživotného poistenia na úmrtie - v ktorom sa využíva výpočtová technika, a to tabuľkový procesor Excel. Súčasná hodnota určená na základe maticového prístupu. Vytvorenie modelu starnutia bez časového obmedzenia. Na modelovanie je použitý jedno...

Descrizione completa

Salvato in:
Dettagli Bibliografici
Autore principale: Cicáková, Kristína
Altri autori: Toncsenková, Andrea
Natura: Capitolo di libro
Lingua:slovacco
Soggetti:
Tags: Aggiungi Tag
Nessun Tag, puoi essere il primo ad aggiungerne!!

MARC

LEADER 00000naa$a2200000$$$4500
001 0097895
005 20240502072100.5
041 0 |a slo 
044 |a SK 
245 1 0 |a Použitie Excelu na aktuárske výpočty  |c Kristína Cicáková, Andrea Toncsenková 
520 |a Výpočet aktuárskych hodnôt - konkrétne súčasnej hodnoty doživotného poistenia na úmrtie - v ktorom sa využíva výpočtová technika, a to tabuľkový procesor Excel. Súčasná hodnota určená na základe maticového prístupu. Vytvorenie modelu starnutia bez časového obmedzenia. Na modelovanie je použitý jednohodnotový dekrementný model s markovovskými vlastnosťami. 
610 2 0 |a modelovanie matematické 
610 2 0 |a poistenie životné 
610 2 0 |a technológie informačné 
100 1 |a Cicáková, Kristína 
700 1 |a Toncsenková, Andrea